Plus grandes villes des pays - Etats-Unis - Statistiques

Statistiques générales
  • Ce quiz a été pris 305 fois
  • Le résultat moyen est 12 sur 15
Statistiques - réponses
Hint Réponse % Correct
23 689 255 New York City
100%
18 688 022 Los Angeles
98%
9 882 634 Chicago
95%
9 665 892 Washington D.C.
87%
8 176 376 Boston
86%
7 673 305 Dallas
86%
6 972 374 Houston
86%
8 751 807 San Francisco
86%
6 723 472 Miami
82%
4 684 516 Seattle
78%
7 179 357 Philadelphie
77%
5 213 546 San Diego
73%
5 318 653 Detroit
69%
4 661 537 Phoenix
68%
6 451 262 Atlanta
65%
Aucun quiz correspondant
Distribution des résultats
% des personnes avec chaque résultat
Percentile par nombre de réponses
Votre historique - résultats
Vous n’avez pas pris ce quiz